[Event "NOR-chT 1415"]
[Site "Norway"]
[Date "2014.10.31"]
[Round "1.2"]
[White "Turov, Maxim"]
[Black "Bern, Ivar"]
[Result "1-0"]
[WhiteElo "2586"]
[BlackElo "2308"]
[PlyCount "77"]
[EventDate "2014.10.31"]
[EventType "team-tourn"]
[EventRounds "11"]
[EventCountry "NOR"]
[SourceTitle "EXT 2015"]
[Source "ChessBase"]
[SourceDate "2014.11.20"]
[SourceVersion "1"]
[SourceVersionDate "2014.11.20"]
[SourceQuality "1"]
[WhiteTeam "Tromsoe"]
[BlackTeam "SK 96"]
[WhiteTeamCountry "NOR"]
[BlackTeamCountry "NOR"]

1. d4 f5 2. c4 Nf6 3. Nc3 e6 4. Nf3 c6 5. Bf4 Be7 6. Qc2 0-0 7. e3 Nh5 8. h3 Nxf4 9. exf4 Bf6 10. Be2 d6 11. 0-0-0 Na6 12. Kb1 Bd7 13. c5 Nb4 14. Qb3 dxc5 15. dxc5 Nd5 16. Ne5 Bxe5 17. fxe5 b6 18. Bf3 Kh8 19. Bxd5 exd5 20. Rhe1 Be6 21. Qa4 Qc7 22. Qd4 f4 23. Rc1 Qf7 24. Ka1 b5 25. f3 Qg6 26. Ne2 Qg5 27. Qf2 d4 28. Nxd4 Bd5 29. h4 Qe7 30. e6 Rae8 31. Re5 a6 32. h5 Rf6 33. Qe2 Ref8 34. Rxd5 cxd5 35. Qe5 Rc8 36. c6 Rff8 37. c7 Qb4 38. e7 Rfe8 39. Nf5 1-0

[Event "NOR-chT 1314"]
[Site "Norway"]
[Date "2014.01.10"]
[Round "4.1"]
[White "Gullaksen, Eirik Tvedt"]
[Black "Bern, Ivar"]
[Result "1/2-1/2"]
[WhiteElo "2371"]
[BlackElo "2312"]
[PlyCount "69"]
[EventDate "2013.11.01"]
[EventType "team-tourn"]
[EventRounds "9"]
[EventCountry "NOR"]
[SourceTitle "EXT 2015"]
[Source "ChessBase"]
[SourceDate "2014.11.20"]
[SourceVersion "1"]
[SourceVersionDate "2014.11.20"]
[SourceQuality "1"]
[WhiteTeam "Bergens"]
[BlackTeam "SK 96"]
[WhiteTeamCountry "NOR"]
[BlackTeamCountry "NOR"]

1. e4 c6 2. d4 d5 3. Nc3 g6 4. Bf4 dxe4 5. Nxe4 Bg7 6. c3 Nf6 7. Nxf6+ Bxf6 8. Bd3 Qd5 9. Nf3 Bg4 10. Be2 Nd7 11. 0-0 0-0 12. h3 Bxf3 13. Bxf3 Qb5 14. Qc2 e5 15. a4 Qa5 16. Bh6 Rfe8 17. b4 Qc7 18. Rad1 a5 19. d5 cxd5 20. Bxd5 Nb6 21. Qb3 e4 22. bxa5 Nxd5 23. Rxd5 Rxa5 24. c4 Rxd5 25. cxd5 Bd4 26. Qb5 Rd8 27. Re1 f5 28. Rd1 Qb6 29. Qxb6 Bxb6 30. Rb1 Bd4 31. Rxb7 Rxd5 32. Rb8+ Kf7 33. Rb7+ Kg8 34. Rb8+ Kf7 35. Rb7+ 1/2-1/2

[Event "NOR-chT 0910"]
[Site "Norway"]
[Date "2010.01.10"]
[Round "6"]
[White "Bern, Ivar"]
[Black "Ogaard, Leif"]
[Result "0-1"]
[WhiteElo "2329"]
[BlackElo "2413"]
[PlyCount "102"]
[EventDate "2009.11.06"]
[EventType "team"]
[EventRounds "9"]
[EventCountry "NOR"]
[SourceTitle "EXT 2011"]
[Source "ChessBase"]
[SourceDate "2010.11.26"]
[SourceVersion "1"]
[SourceVersionDate "2010.11.26"]
[SourceQuality "1"]
[WhiteTeam "Bergen"]
[BlackTeam "Oslo SS"]
[WhiteTeamCountry "NOR"]
[BlackTeamCountry "NOR"]

1. Nf3 d5 2. d4 e6 3. Bf4 c5 4. e3 Qb6 5. Nc3 a6 6. Rb1 Nc6 7. Be2 Nf6 8. 0-0 cxd4 9. exd4 Be7 10. b4 Ne4 11. Na4 Qd8 12. Qe1 0-0 13. Nc5 b6 14. Nd3 Bd7 15. Nde5 Nxe5 16. Nxe5 Bb5 17. Bxb5 axb5 18. f3 Nd6 19. Nc6 Qd7 20. Nxe7+ Qxe7 21. Bxd6 Qxd6 22. f4 Rfc8 23. c3 Rxa2 24. Rd1 Qc6 25. Rd3 Qc4 26. Rg3 Re2 27. Qb1 f5 28. Qa1 Rc2 29. Rff3 Qe2 30. h3 Ra2 31. Qf1 Rca8 32. Qxe2 Rxe2 33. Re3 Ra1+ 34. Kh2 Rxe3 35. Rxe3 Kf7 36. Kg3 h6 37. h4 Rf1 38. Re2 Rc1 39. Re3 Kf6 40. Kf3 g5 41. hxg5+ hxg5 42. fxg5+ Kxg5 43. g3 Rc2 44. Rd3 Kf6 45. Kf4 Re2 46. Kf3 Re4 47. Rd1 e5 48. dxe5+ Kxe5 49. Ra1 Rc4 50. Ra3 Rc8 51. Ke3 Rxc3+ 0-1

[Event "NOR-chT 0809"]
[Site "Norway"]
[Date "2008.11.07"]
[Round "6"]
[White "Bern, Ivar"]
[Black "Lundeby, Oyvind Andersen"]
[Result "1/2-1/2"]
[WhiteElo "2252"]
[BlackElo "2189"]
[PlyCount "72"]
[EventDate "2008.11.07"]
[EventType "team-tourn"]
[EventRounds "11"]
[EventCountry "NOR"]
[SourceTitle "EXT 2010"]
[Source "ChessBase"]
[SourceDate "2010.11.25"]
[SourceVersion "1"]
[SourceVersionDate "2010.11.25"]
[SourceQuality "1"]

1. Nf3 d5 2. d4 Nc6 3. Bf4 Bg4 4. e3 e6 5. Be2 Bd6 6. Bg3 Nf6 7. Nbd2 0-0 8. c3 Re8 9. b4 Bxf3 10. gxf3 e5 11. b5 Nb8 12. dxe5 Bxe5 13. Bxe5 Rxe5 14. Nf1 c5 15. bxc6 Nxc6 16. Rb1 Re7 17. Ng3 g6 18. Qa4 Qd6 19. 0-0 Qe5 20. Rfc1 Qg5 21. h4 Qe5 22. f4 Qe6 23. h5 Qh3 24. f5 Ne4 25. Bf1 Qg4 26. fxg6 Ne5 27. Bg2 Nf3+ 28. Bxf3 Qxf3 29. Nxe4 Rxe4 30. gxf7+ Qxf7 31. Rb4 Rf8 32. Rxe4 Qxf2+ 33. Kh1 Qf3+ 34. Kh2 Qf2+ 35. Kh1 Qf3+ 36. Kh2 Qf2+ 1/2-1/2

[Event "NOR-chT 0809"]
[Site "Norway"]
[Date "2008.11.07"]
[Round "5"]
[White "Lie, Espen"]
[Black "Bern, Ivar"]
[Result "1-0"]
[WhiteElo "2436"]
[BlackElo "2252"]
[PlyCount "159"]
[EventDate "2008.11.07"]
[EventType "team-tourn"]
[EventRounds "11"]
[EventCountry "NOR"]
[SourceTitle "EXT 2010"]
[Source "ChessBase"]
[SourceDate "2010.11.25"]
[SourceVersion "1"]
[SourceVersionDate "2010.11.25"]
[SourceQuality "1"]

1. c4 e5 2. g3 Nc6 3. Bg2 g6 4. Nc3 Bg7 5. e4 Nge7 6. Nge2 d6 7. d3 0-0 8. 0-0 Be6 9. Nd5 f5 10. f3 Qd7 11. Be3 Rae8 12. Qd2 Nc8 13. b3 Nd8 14. Ndc3 c5 15. Rab1 Nc6 16. Nd5 fxe4 17. fxe4 Rxf1+ 18. Rxf1 Rf8 19. Rxf8+ Kxf8 20. Bg5 Qf7 21. b4 cxb4 22. Nxb4 Nxb4 23. Qxb4 Qc7 24. Be3 Bf6 25. Nc3 Bd8 26. Qb2 Qa5 27. Qf2+ Ke8 28. Qb2 Bb6 29. Bxb6 Qxb6+ 30. Qxb6 Nxb6 31. Nb5 Kd7 32. Nxa7 Na4 33. Nb5 Kc6 34. Kf2 Bd7 35. Ke3 Kc5 36. Nc7 Nc3 37. a3 Nb1 38. Nd5 Nxa3 39. Nf6 Ba4 40. Nxh7 Nc2+ 41. Kd2 Nd4 42. h4 Be8 43. Bh3 Kc6 44. Nf6 Bf7 45. Bd7+ Kc7 46. Be8 Bxe8 47. Nxe8+ Kd7 48. Nf6+ Ke7 49. Nd5+ Kf7 50. Nc3 Nf3+ 51. Ke3 Nh2 52. Nb5 Ke7 53. Nc7 Ng4+ 54. Kf3 Nh2+ 55. Ke2 Ng4 56. Nd5+ Kd7 57. Ne3 Nf6 58. Kf3 Ke6 59. Nd5 Nh5 60. Kg4 Kf7 61. Nc7 Nf6+ 62. Kg5 Nh7+ 63. Kh6 Nf6 64. Nb5 Ng4+ 65. Kg5 Nf2 66. Nxd6+ Kg7 67. Nxb7 Nxd3 68. c5 Nb4 69. Nd8 Na6 70. Ne6+ Kf7 71. c6 Kxe6 72. Kxg6 Nc5 73. c7 Kd7 74. h5 Kxc7 75. h6 Ne6 76. Kf6 Nf8 77. Kxe5 Kd7 78. Kf6 Ke8 79. g4 Nd7+ 80. Kg7 1-0